header

Observers observed (Record no. 96186)

MARC details
000 -LEADER
fixed length control field 01458nam a2200385 a 4500
082 04 - DEWEY DECIMAL CLASSIFICATION NUMBER
Classification number 306/.0723
245 00 - TITLE STATEMENT
Title Observers observed
260 ## - PUBLICATION, DISTRIBUTION, ETC. (IMPRINT)
Place of publication Madison, Wis. :
Name of publisher University of Wisconsin Press,
Year of publication 1983.
300 ## - PHYSICAL DESCRIPTION
Number of Pages vi, 242 p. :
Other physical details ill.
490 1# - SERIES STATEMENT
Series statement History of anthropology ;
650 #0 - SUBJECT ADDED ENTRY--TOPICAL TERM
Topical Term Ethnology
Topical Term Participant observation.
Topical Term Ethnology
700 1# - ADDED ENTRY--PERSONAL NAME
Personal name Stocking, George W.,
856 40 - ELECTRONIC LOCATION AND ACCESS
Uniform Resource Identifier http://site.ebrary.com/lib/rucke/Doc?id=10395918

No items available.

© 2026 Rongo University
Contact us: librarian | system librarian | Rongo university